What the bear whispered
| Format: | Book |
|---|---|
| Published: |
Petaling Jaya :
Times Educational ,
1979
|
| Subjects: |
MARC
| LEADER | 00000cam a2200000 7i4500 | ||
|---|---|---|---|
| 001 | 0000007230 | ||
| 002 | 000007777 | ||
| 005 | 20000330.0 | ||
| 020 | |a T000000612 | ||
| 090 | 0 | 0 | |a JF |b ASI |
| 245 | 1 | 0 | |a What the bear whispered |
| 260 | |a Petaling Jaya : |b Times Educational , |c 1979 | ||
| 300 | |a 12p. : |b ill. ; |c 21cm. | ||
| 650 | 0 | 0 | |a Children's stories |
| 999 | |a 021017 |b BUKU |c PINJAMAN |e PERPUSTAKAAN KOMUNITI PETALING JAYA | ||